00326nam a2200109Ia 450000500170000000800410001710000310005824500830008926000160017230000110018865000170019920260328104245.0260328s9999||||xx |||||||||||||| ||und|| aMenchaca, Ernesto Aramburu 0aLa Arquitectura Peruana a Través de los Siglos /cErnesto Aramburu Menchaca bIberia S.A. a176 p. aARQUITECTURA